Brynhildr in the Darkness 02 (Titelsatznr. 1408)

[ MARC ]
MARC-Details
000 -LEADER
fixed length control field 02156cam a2200541 c 4500
001 - CONTROL NUMBER
control field 193181550X
003 - CONTROL NUMBER IDENTIFIER
control field DE-627
005 - DATE AND TIME OF LATEST TRANSACTION
control field 20251125142038.0
007 - PHYSICAL DESCRIPTION FIXED FIELD--GENERAL INFORMATION
fixed length control field cr uuu---uuuuu
008 - FIXED-LENGTH DATA ELEMENTS--GENERAL INFORMATION
fixed length control field 250725s2016 xx |||||o 00| ||ger c
020 ## - INTERNATIONAL STANDARD BOOK NUMBER
International Standard Book Number 9783842029231
Terms of availability EPUB
024 7# - OTHER STANDARD IDENTIFIER
Standard number or code urn:nbn:de:gbv:18-epflicht-10848
Source of number or code urn
035 ## - SYSTEM CONTROL NUMBER
System control number (DE-627)193181550X
035 ## - SYSTEM CONTROL NUMBER
System control number (DE-599)KEP117297984
035 ## - SYSTEM CONTROL NUMBER
System control number (EPFHH)faacb05b-07c0-4524-abda-577cd1405603
035 ## - SYSTEM CONTROL NUMBER
System control number (EPFHH-TOKYOPOP)1014340424_9783842029231
035 ## - SYSTEM CONTROL NUMBER
System control number (DE-627-1)117297984
040 ## - CATALOGING SOURCE
Original cataloging agency DE-627
Language of cataloging ger
Transcribing agency DE-627
Description conventions rda
041 ## - LANGUAGE CODE
Language code of text/sound track or separate title ger
Language code of original jpn
072 #7 - SUBJECT CATEGORY CODE
Subject category code 9182
Source wsb
082 04 - DEWEY DECIMAL CLASSIFICATION NUMBER
Classification number 741.5
Assigning agency DE-576
245 00 - TITLE STATEMENT
Title Brynhildr in the Darkness 02
Statement of responsibility, etc. Lynn Okamoto
264 #1 - PRODUCTION, PUBLICATION, DISTRIBUTION, MANUFACTURE, AND COPYRIGHT NOTICE
Place of production, publication, distribution, manufacture Hamburg
Name of producer, publisher, distributor, manufacturer TOKYOPOP Verlag
Date of production, publication, distribution, manufacture, or copyright notice 2016
300 ## - PHYSICAL DESCRIPTION
Extent 1 Online-Ressource (192 S.)
336 ## - CONTENT TYPE
Content type term Text
Content type code txt
Source rdacontent
337 ## - MEDIA TYPE
Media type term Computermedien
Media type code c
Source rdamedia
338 ## - CARRIER TYPE
Carrier type term Online-Ressource
Carrier type code cr
Source rdacarrier
490 0# - SERIES STATEMENT
Series statement Brynhildr in the Darkness
Volume/sequential designation 2
520 ## - SUMMARY, ETC.
Summary, etc. Ryouta und Neko brechen in eine Arzneimittelfabrik ein, um dort die für die Magierinnen lebensnotwendige Medizin in ihre Hände zu bekommen. Vor Ort lauert ihnen allerdings die Killermaschine Saori auf, die Neko vor Ryoutas Augen massiv attackiert. Gibt es einen Weg, das Mädchen, das er für seine Jugendliebe hält, doch noch zu retten ...?
583 1# - ACTION NOTE
Action Archivierung/Langzeitarchivierung gewährleistet
Authorization PEHH
Action agent DE-576
Source of term pdager
Institution to which field applies DE-18
650 #4 - SUBJECT ADDED ENTRY--TOPICAL TERM
Topical term or geographic name entry element Seinen
650 #4 - SUBJECT ADDED ENTRY--TOPICAL TERM
Topical term or geographic name entry element Shonen
650 #4 - SUBJECT ADDED ENTRY--TOPICAL TERM
Topical term or geographic name entry element Action
650 #4 - SUBJECT ADDED ENTRY--TOPICAL TERM
Topical term or geographic name entry element Außerirdische
650 #4 - SUBJECT ADDED ENTRY--TOPICAL TERM
Topical term or geographic name entry element Entführung
650 #4 - SUBJECT ADDED ENTRY--TOPICAL TERM
Topical term or geographic name entry element Magie
650 #4 - SUBJECT ADDED ENTRY--TOPICAL TERM
Topical term or geographic name entry element Hexe
650 #4 - SUBJECT ADDED ENTRY--TOPICAL TERM
Topical term or geographic name entry element Hexenjagd
650 #4 - SUBJECT ADDED ENTRY--TOPICAL TERM
Topical term or geographic name entry element Akte X
650 #4 - SUBJECT ADDED ENTRY--TOPICAL TERM
Topical term or geographic name entry element Elfen Lied
951 ## - EQUIVALENCE OR CROSS-REFERENCE--GEOGRAPHIC NAME/AREA NAME [OBSOLETE] [CAN/MARC only]
Geographic name BO
700 1# - ADDED ENTRY--PERSONAL NAME
Field link and sequence number 1\p
Personal name Okamoto, Lynn
Relator term VerfasserIn
Authority record control number or standard number (DE-588)138139911
-- (DE-627)599891076
-- (DE-576)306583488
Relationship aut
776 1# - ADDITIONAL PHYSICAL FORM ENTRY
International Standard Book Number 9783842009257
776 08 - ADDITIONAL PHYSICAL FORM ENTRY
Relationship information Erscheint auch als
Note Druck-Ausgabe
International Standard Book Number 9783842009257
856 40 - ELECTRONIC LOCATION AND ACCESS
Uniform Resource Identifier <a href="https://nbn-resolving.org/urn:nbn:de:gbv:18-epflicht-10848">https://nbn-resolving.org/urn:nbn:de:gbv:18-epflicht-10848</a>
Contact for access assistance X:EPF
Electronic format type application/epub+zip
Public note lizenzpflichtig
883 ## - METADATA PROVENANCE
Field link and sequence number 1\p
Creation process cgwrk
Creation date 20250802
Assigning or generating agency DE-101
Uniform Resource Identifier https://d-nb.info/provenance/plan#cgwrk
942 ## - ADDED ENTRY ELEMENTS (KOHA)
Source of classification or shelving scheme Dewey Decimal Classification
Koha item type Manga
Suppress in OPAC No
Exemplare
Withdrawn status Lost status Source of classification or shelving scheme Damaged status Not for loan Home library Current library Shelving location Date acquired Total checkouts Barcode Date last seen Price effective from Koha item type
    Dewey Decimal Classification     Bunte Manga Potsdam Bunte Manga Potsdam Mystery 11/25/2025   1391 11/25/2025 11/25/2025 Manga

Powered by Koha